01742naa a2200193 a 450000100080000000500110000800800410001910000180006024501110007826000090018952010630019865300210126165300220128265300180130465300190132270000220134170000190136377301660138210639292013-04-08 1998 bl uuuu u00u1 u #d1 aSPAGNOLLO, E. aAvalia????o de esp??cies de ver??o para aduba????o verde e cobertura do solo na regi??o oeste catarinense. c1998 aA regi??o Oeste de Santa Catarina, com cerca de 25 % da ??rea total do Estado, possui em sua maioria um relevo bastante acidentado e um dos maiores ??ndices de precipita????o do estado. Esses fatores juntamente com o baixo grau de cobertura do solo, reposi????o de nutrientes e mat??ria org??nica est??o gerando s??rios problemas de degrada????o do solo. As pr??ticas vegetativas, especialmente a aduba????o verde e/ou cobertura do solo, parecer ser as mais simples, eficientes e adequadas para minimizar tais problemas, envolvendo a prote????o da superf??cie com retorno dos res??duos culturais ao solo, produ????o de elevadas quantidades de fitomassa, reciclagem de nutrientes e fixa????o de nitrog??nio. Esp??cies de adubos verdes (ver??o e inverno) tem potencialidade para cultivo isolado, intercalar, ??reas de pousio (com esp??cies perenes) e cultivo em al??ias. O presente trabalho visou avaliar o potencial de cobertura do solo, ciclo das culturas, produ????o de sementes e produ????o de fitomassa de 36 esp??cies vegetais de adubos verdes de ver??o. aAduba????o verde aCobertura do solo aRegi??o oeste aSanta Catarina1 aWILDNER, L. do P.1 aMATTIAS, J. L. tIn: REUNI??O SUL-BRASILEIRA DE CI??NCIA DO SOLO, 2., 1998, Santa Maria, RS. Manejo sustent??vel do solo: resumos expandidos. Santa Maria: SBCS, 1998. p. 267-270.